<?xml version="1.0" encoding="UTF-8"?>
<record
    xmlns:xsi="http://www.w3.org/2001/XMLSchema-instance"
    xsi:schemaLocation="http://www.loc.gov/MARC21/slim http://www.loc.gov/standards/marcxml/schema/MARC21slim.xsd"
    xmlns="http://www.loc.gov/MARC21/slim">

  <leader>01179nam a2200205 a 4500</leader>
  <controlfield tag="001">000034976</controlfield>
  <controlfield tag="005">20250424134023.0</controlfield>
  <controlfield tag="008">111024s1958    ve            000 0bspa d</controlfield>
  <datafield tag="040" ind1=" " ind2=" ">
    <subfield code="a">DO-SdBNP</subfield>
    <subfield code="b">spa</subfield>
    <subfield code="c">BNPHU</subfield>
  </datafield>
  <datafield tag="082" ind1=" " ind2=" ">
    <subfield code="a">921.6</subfield>
    <subfield code="b">O77h</subfield>
  </datafield>
  <datafield tag="245" ind1="0" ind2="0">
    <subfield code="a">Homenaje a Ortega y Gasset /</subfield>
    <subfield code="c">[organizado por el Instituto de Filosofia de la Facultad de Humanidades y Educaci&#xF3;n en Universidad Central de Venezuela].</subfield>
  </datafield>
  <datafield tag="260" ind1=" " ind2=" ">
    <subfield code="a">Caracas :</subfield>
    <subfield code="b">Universidad Central de Venezuela. Facultad de Humanidades y Educaci&#xF3;n. Instituto de Filosof&#xED;a.,</subfield>
    <subfield code="c">1958.</subfield>
  </datafield>
  <datafield tag="300" ind1=" " ind2=" ">
    <subfield code="a">135 p. ;</subfield>
    <subfield code="c">23 cm.</subfield>
  </datafield>
  <datafield tag="505" ind1="0" ind2=" ">
    <subfield code="t">Pidiendo un Ortega y Gasset desde dentro /</subfield>
    <subfield code="r">J.D. Garc&#xED;a Bacca. --</subfield>
    <subfield code="t">El sistema de Ortega /</subfield>
    <subfield code="r">M. Granell. --</subfield>
    <subfield code="t">Las fundaciones de Ortega y Gasset /</subfield>
    <subfield code="r">L. Luzuriaga. --</subfield>
    <subfield code="t">Ortega y su ideolog&#xED;a universitaria /</subfield>
    <subfield code="r">E. Mayz Vallenilla. --</subfield>
    <subfield code="t">Ortega y Gasset: lengua y estilo /</subfield>
    <subfield code="r">A. Rosenblat.</subfield>
  </datafield>
  <datafield tag="600" ind1="1" ind2="4">
    <subfield code="a">ORTEGA Y GASSET, JOS&#xC9;,</subfield>
    <subfield code="d">1883-1955</subfield>
    <subfield code="x">CR&#xCD;TICA E INTERPRETACI&#xD3;N</subfield>
    <subfield code="9">60574</subfield>
  </datafield>
  <datafield tag="650" ind1="2" ind2="0">
    <subfield code="a">Filosof&#xED;a </subfield>
    <subfield code="9">813</subfield>
  </datafield>
  <datafield tag="650" ind1="2" ind2="0">
    <subfield code="a"> Humanismo</subfield>
    <subfield code="9">33685</subfield>
  </datafield>
  <datafield tag="710" ind1="1" ind2="2">
    <subfield code="a">Universidad Central de Venuezuela.</subfield>
    <subfield code="b">Facultad de Humanidades y Educaci&#xF3;n.</subfield>
    <subfield code="b">Instituto de Filosof&#xED;a.</subfield>
    <subfield code="9">60575</subfield>
  </datafield>
  <datafield tag="910" ind1=" " ind2=" ">
    <subfield code="a">Validado. Control de calidad BNPHU</subfield>
  </datafield>
  <datafield tag="952" ind1=" " ind2=" ">
    <subfield code="0">0</subfield>
    <subfield code="1">0</subfield>
    <subfield code="5">0</subfield>
    <subfield code="7">1</subfield>
    <subfield code="8">RV</subfield>
    <subfield code="a">GR</subfield>
    <subfield code="b">GR</subfield>
    <subfield code="c">HD</subfield>
    <subfield code="d">2011-10-24</subfield>
    <subfield code="i">LF1</subfield>
    <subfield code="l">0</subfield>
    <subfield code="o">921.6 O77h</subfield>
    <subfield code="p">34976-10</subfield>
    <subfield code="r">2020-06-25</subfield>
    <subfield code="w">2020-06-25</subfield>
    <subfield code="y">1</subfield>
    <subfield code="z">Perteneci&#xF3; a la biblioteca personal de Juan Isidro Jim&#xE9;nes Grull&#xF3;n</subfield>
    <subfield code="Z">No se presta</subfield>
  </datafield>
  <datafield tag="999" ind1=" " ind2=" ">
    <subfield code="c">34467</subfield>
    <subfield code="d">34467</subfield>
  </datafield>
</record>
